Znani Polacy o imieniu Andrzej - Statystyki

Ogólne statystyki
  • Ten quiz został rozwiązany 47 razy
    25 od ostatniego zresetowania
  • Średni wynik to 8 z 20
Statystyki odpowiedzi
Podpowiedź Nazwisko % Poprawnych
Prezydent w latach 2015-2025 Andrzej Duda
100%
Znany reżyser, zdobywca Oscara Andrzej Wajda
91%
Aktor znany z roli Ferdynanda Kiepskiego Andrzej Grabowski
87%
Polityk, lider samoobrony Andrzej Lepper
83%
Pięściarz Andrzej Gołota
74%
Narciarz, zjechał z Mount Everest Andrzej Bargiel
52%
Wokalista, został zamordowany Andrzej Zaucha
52%
Święty, męczennik Andrzej Bobola
43%
Siatkarz Andrzej Wrona
43%
Aktor znany m.in. z "Ziemii Obiecanej" Andrzej Seweryn
39%
Aktor (Dług, Komornik, Katyń) Andrzej Chyra
22%
Polityk, minister finansów Andrzej Domański
22%
Aktor, znany jako czterdziestolatek Andrzej Kopiczyński
22%
Piosenkarz, autor "Czterdzieści lat minęło..." Andrzej Rosiewicz
22%
Gansgter, ps. Pershing Andrzej Kolikowski
17%
Polski pisarz renesansowy Andrzej Frycz Modrzewski
13%
Aktor, gral w filmach powyższego reżysera Andrzej Łapicki
9%
Polityk lewicy Andrzej Szejna
9%
Piłkarz ręczny i nożny, trener obu dyscyplin Andrzej Strejlau
4%
Policjant, zabity na Woli Andrzej Struj
4%
Nie znaleziono quizów pasujących do podanych kryteriów
Rozkład punktacji
Procent ludzi z każdym wynikiem
Percentyl według liczby udzielonych odpowiedzi
Twoja historia wyników
Nie rozwiązałeś tego quizu od ostatniego zresetowania